Normal view
MARC view
Entry Topical Term
001 - CONTROL NUMBER
- control field: 4576
003 - CONTROL NUMBER IDENTIFIER
- control field: BD-RjUL
005 - DATE AND TIME OF LATEST TRANSACTION
- control field: 20220831124328.0
008 - FIXED-LENGTH DATA ELEMENTS
- fixed length control field: 220831|| aca||aabn | a|a d
040 ## - CATALOGING SOURCE
- Original cataloging agency: BD-RjUL
- Transcribing agency: BD-RjUL
150 ## - HEADING--TOPICAL TERM
- Topical term or geographic name entry element: Urdu Literature
- Form subdivision: history ,Criticism, interpretation
670 ## - SOURCE DATA FOUND
- Source citation: Work cat.: (BD-RjUL)80271: ردولوي, شارب ;; Shārib, Radaulvī. 4575, جديد اردو تنقيد : اصول و نظريات = Jadieed Urdu Tanqeed : usool -o- nazriat:/ , 1987